00513nam a2200145Ia 4500008004100000082001700041100002300058245005900081260003700140630001800177650003400195942000900229952011400238999001500352211109s9999||||xx |||||||||||||| ||und|| a597.8bMAR-F aMarshall, A Milnes 0aFrog:Introduction to Anatomy, Histology and Embryology bMac Millan and Co.aLondonc1919 xGeneral Stack aAND EFD ZOOLOGY FROGxZoology cBOOK 00104070aSBCLbSBCLc2d2021-11-09g20.00l0o597.8 MAR-Fp00004739r2021-11-09 00:00:00w2021-11-09yBOOK c4296d4296